000 00567nam a22002057a 4500
008 131009b xxu||||| |||| 00| 0 eng d
020 _a9783901988936
041 0 _aeng
080 _a116
100 1 _aFasching, Wolfgang
245 1 0 _aYou want it? You'll make it! /
_cWolfgang Fasching
250 _a2nd. edition
260 _aSalzburg :
_bColorama ;
_c2007
300 _a175 f. :
_bme il. ;
_c21 cm.
500 _aForeword f. : 9-10
505 _aBibliography f. : 175
650 _aLëvizja krijuese
_xSporti
650 _aFilozofia e sportit
942 _2udc
_cBK
999 _c73
_d73